[Event "Tula Suetin Memorial op"]
[Site "Tula"]
[Date "2006.11.25"]
[Round "5"]
[White "Zherzalova, Svetlana"]
[Black "Kramorev, Yuri"]
[Result "0-1"]
[WhiteElo "1997"]
[BlackElo "1966"]
[PlyCount "88"]
[EventDate "2006.11.21"]
[EventType "swiss"]
[EventRounds "9"]
[EventCountry "RUS"]
[SourceTitle "EXT 2010"]
[Source "ChessBase"]
[SourceDate "2010.11.25"]
[SourceVersion "1"]
[SourceVersionDate "2010.11.25"]
[SourceQuality "1"]

1. e4 e5 2. Nf3 Nc6 3. d4 exd4 4. Nxd4 Bc5 5. c3 Qf6 6. Be3 Nge7 7. Bb5 a6 8. Bxc6 Nxc6 9. 0-0 0-0 10. Re1 Ne5 11. b3 d6 12. f4 Ng4 13. f5 Nxe3 14. Rxe3 Ba7 15. Rg3 Re8 16. Na3 b5 17. Nac2 Bb7 18. Ne3 Rxe4 19. Ng4 Qh4 20. Kh1 Bxd4 21. cxd4 h5 22. Nh6+ Kf8 23. Qd2 Rxd4 24. Qc3 c5 25. Rf1 Qf6 26. Nxf7 Qxf7 27. f6 g6 28. Qe3 Be4 29. Qh6+ Ke8 30. Re3 Kd7 31. Qg5 Re8 32. Rg3 Re5 33. Qc1 Bf5 34. Qa3 Rde4 35. Qxa6 Re1 36. Qxb5+ Ke6 37. Rgf3 Rxf1+ 38. Rxf1 Kxf6 39. Qb8 Qe7 40. Qh8+ Kg5 41. a4 Re1 42. h4+ Kxh4 43. Rxe1 Qxe1+ 44. Kh2 Qe5+ 0-1

[Event "Tula Rassadnev Memorial"]
[Site "Tula"]
[Date "2006.02.19"]
[Round "13"]
[White "Zherzalova, Svetlana"]
[Black "Kazakov, Nikolay"]
[Result "0-1"]
[WhiteElo "1997"]
[BlackElo "1906"]
[PlyCount "54"]
[EventDate "2006.02.01"]
[EventType "tourn"]
[EventRounds "15"]
[EventCountry "RUS"]
[SourceTitle "EXT 2007"]
[Source "ChessBase"]
[SourceDate "2006.11.23"]
[SourceVersion "1"]
[SourceVersionDate "2006.11.23"]
[SourceQuality "1"]

1. d4 d5 2. Nf3 Nf6 3. g3 Bf5 4. Bg2 Nbd7 5. Ne5 e6 6. h3 h6 7. g4 Bh7 8. f4 c6 9. Rg1 Ne4 10. Bxe4 dxe4 11. g5 hxg5 12. fxg5 Nxe5 13. dxe5 Qa5+ 14. Qd2 Qxe5 15. Qc3 Bd6 16. Qxe5 Bxe5 17. Nc3 Bf5 18. Rh1 0-0-0 19. Be3 b6 20. Kf2 Bxh3 21. Rad1 Rxd1 22. Nxd1 f5 23. gxf6 gxf6 24. Bd2 f5 25. Bc3 Bxc3 26. Nxc3 Rh5 27. Kg3 Bg4 0-1

[Event "Tula Rassadnev Memorial"]
[Site "Tula"]
[Date "2006.02.11"]
[Round "8"]
[White "Sergeev, Gennady1111"]
[Black "Zherzalova, Svetlana"]
[Result "1/2-1/2"]
[WhiteElo "2155"]
[BlackElo "1997"]
[PlyCount "42"]
[EventDate "2006.02.01"]
[EventType "tourn"]
[EventRounds "15"]
[EventCountry "RUS"]
[SourceTitle "EXT 2007"]
[Source "ChessBase"]
[SourceDate "2006.11.23"]
[SourceVersion "1"]
[SourceVersionDate "2006.11.23"]
[SourceQuality "1"]

1. e4 e5 2. Nf3 Nc6 3. Bc4 h6 4. Nc3 Nf6 5. d3 Bc5 6. Be3 Bb6 7. 0-0 d6 8. h3 0-0 9. Qd2 Be6 10. Bb3 Qd7 11. Ne2 Ne7 12. c4 Ng6 13. Ng3 Bxe3 14. Qxe3 Bxh3 15. gxh3 Qxh3 16. Rfc1 Nf4 17. Ne1 Ng4 18. Qf3 Qh2+ 19. Kf1 Qh3+ 20. Kg1 Qh2+ 21. Kf1 Qh3+ 1/2-1/2

[Event "Tula Rassadnev Memorial"]
[Site "Tula"]
[Date "2006.02.03"]
[Round "3"]
[White "Zherzalova, Svetlana"]
[Black "Kuznezov, Albert"]
[Result "1-0"]
[WhiteElo "1997"]
[BlackElo "2098"]
[PlyCount "71"]
[EventDate "2006.02.01"]
[EventType "tourn"]
[EventRounds "15"]
[EventCountry "RUS"]
[SourceTitle "EXT 2007"]
[Source "ChessBase"]
[SourceDate "2006.11.23"]
[SourceVersion "1"]
[SourceVersionDate "2006.11.23"]
[SourceQuality "1"]

1. e4 e6 2. Nf3 d5 3. e5 c5 4. d3 Nc6 5. c3 Bd7 6. g3 h6 7. Bg2 Nge7 8. 0-0 Ng6 9. Qe2 Be7 10. b3 Qc7 11. Re1 0-0 12. h4 d4 13. c4 Rfe8 14. h5 Nf8 15. Nh2 f5 16. f4 Nd8 17. g4 Bc6 18. Bh3 Bh4 19. Rf1 Qf7 20. Nd2 Be7 21. Ndf3 a5 22. a4 b6 23. Bd2 Rc8 24. Qf2 Ba8 25. Nh4 Bxh4 26. Qxh4 Nc6 27. Kf2 Nb4 28. Bxb4 axb4 29. Rg1 Nh7 30. gxf5 exf5 31. Rae1 Kh8 32. Qg3 Re6 33. Bxf5 Rg8 34. Bxe6 Qxe6 35. Qg4 Qf7 36. Rg3 1-0